000 01623nam a2200397 a 4500
001 0000334
003 DO-SdBNP
005 20180312094214.0
007 0000334
008 091125s2012 dr a 000 0 spa d
020 _a9789945116564
020 _a9789945117325
040 _aBPMSU
_bspa
_cBPMSU
082 0 4 _a372.832
_bC352c 3ro. 2012
092 _a
_b
100 1 _aCastillo, Albel
245 1 0 _aCívica 3 :
_beducación básica /
_cAbel Castillo, Fanny Capellán Almonte, ; dirección editorial Obdulia García de Escobar ; ilustración Ruddy Núñez.
260 _aSanto Domingo :
_bSantillana,
_c2012
300 _a2v. :
_bil. ;
_c28 cm.
490 1 _aInnova
500 _aEste libro ha sido realizado de conformidad con el currículum vigente y ha sido sometido a la aprobación del MINERD
505 0 _tNuestra identidad --
_tSomos solidarios --
_tNuestro territorios --
_tLos ayuntamientos --
_tDerechos y deberes --
_t
650 4 _aEDUCACIÓN CÍVICA
_xENSEÑANZA BÁSICA
650 _aEDUCACIÓN CÍVICA
_xEDUCACIÓN PRIMARIA
650 _aEDUCACIÓN PRIMARIA
_zREPÚBLICA DOMINICANA
650 4 _aEDUCACIÓN CÍVICA
_xLIBROS DE TEXTOS
650 4 _aEDUCACIÓN CÍVICA
_xESTUDIOS Y EJERCICIOS
700 1 _aCapellán Almonte, Fanny
700 1 _aGarcía de Escobar, Obdulia
_eed.
700 1 _aNúñez, Rudy
_eil.
830 0 _aInnova
910 _a
942 _2ddc
_cBK
945 _ainventariado, 2018 / dg Remanejada para la BNPHU 2018 / BT
956 _aVMATEO
_b10
_220160512
_3BPMSU
_60069
999 _c10111
_d10111